| 000 | 00648cam a2200241 a 4500 | ||
|---|---|---|---|
| 001 | 4716393 | ||
| 003 | NUST - PNEC | ||
| 005 | 20170116181000.0 | ||
| 008 | 830926s1985 inua b 001 0 eng | ||
| 010 | _a 83051122 | ||
| 020 | _a0672220237 | ||
| 040 | _cLIBRARY | ||
| 082 | 0 | 0 | _a621.367 CSO |
| 100 | 1 | _aCsorba, Illes P. | |
| 245 | 1 | 0 |
_aImage tubes _cby Illes P. Csorba. |
| 260 | _cc.1985 | ||
| 440 | 4 | _aThe Howard W. Sams engineering-reference book series | |
| 650 | 0 |
_aImage converters. _xME, EE, EL, IME |
|
| 650 | 0 | _aImage intensifiers. | |
| 650 | 0 | _aCathode ray tubes. | |
| 650 | 0 | _aTelevision camera tubes. | |
| 942 |
_2ddc _cBK |
||
| 999 |
_c66693 _d66693 |
||